Biblioteca y Centro de Documentación

Salud en el trabajo y riesgos laborales emergentes (Registro nro. 44514)

Detalles MARC
000 -CABECERA
Longitud fija campo de control 01525nam a2200457 i 4500
001 - NÚMERO DE CONTROL
Número de control 44514
003 - IDENTIFICADOR DE NÚMERO DE CONTROL
Identificador del número de control ES-MaCES
005 - FECHA Y HORA DE LA ÚLTIMA TRANSACCIÓN
Fecha y hora de la última transacción 20210316111956.0
008 - CAMPO FIJO DE DESCRIPCIÓN FIJA--INFORMACIÓN GENERAL
Códigos de información de longitud fija   140327s2013 sp 001 0 spa d
017 ## - NÚMERO DE REGISTRO DE DERECHOS DE AUTOR Y DEPÓSITO LEGAL
Número de copyright o de depósito legal AB 491-2013
020 ## - ISBN (INTERNATIONAL STANDARD BOOK NUMBER)
Número Internacional Normalizado para Libros (ISBN) 9788415923305
040 ## - FUENTE DE CATALOGACIÓN
Centro catalogador de origen ES-MaCES
Lengua de catalogación spa
Centro transcriptor ES-MaCES
245 00 - MENCIÓN DE TÍTULO
Título Salud en el trabajo y riesgos laborales emergentes
Mención de responsabilidad, etc. Margarita Isabel Ramos Quintana (dir.) ; María del Carmen Grau Pineda (coord.) ; [autores], Antonio Ojeda Aviles ... [et al.]
250 ## - MENCIÓN DE EDICIÓN
Mención de edición 1ª ed
260 ## - PUBLICACIÓN, DISTRIBUCIÓN, ETC (PIE DE IMPRENTA)
Lugar de publicación, distribución, etc. Albacete
Nombre del editor, distribuidor, etc. Bomarzo
Fecha de publicación, distribución, etc. 2013
300 ## - DESCRIPCIÓN FÍSICA
Extensión 177 p.
Dimensiones 24 cm
490 1# - MENCIÓN DE SERIE
Mención de serie Colección Estudios
504 ## - NOTA DE BIBLIOGRAFÍA, ETC.
Nota de bibliografía, etc. Bibliografía
541 ## - NOTA DE LA FUENTE INMEDIANTE DE ADQUISICIÓN
Forma de adquisición Compra
650 #4 - ASIENTO SECUNDARIO DE MATERIA--TÉRMINO DE MATERIA
9 (RLIN) 28348
Término de materia o nombre geográfico como elemento inicial seguridad en el trabajo
650 #4 - ASIENTO SECUNDARIO DE MATERIA--TÉRMINO DE MATERIA
9 (RLIN) 28347
Término de materia o nombre geográfico como elemento inicial salud en el trabajo
650 #4 - ASIENTO SECUNDARIO DE MATERIA--TÉRMINO DE MATERIA
9 (RLIN) 28361
Término de materia o nombre geográfico como elemento inicial convenio colectivo
650 #4 - ASIENTO SECUNDARIO DE MATERIA--TÉRMINO DE MATERIA
9 (RLIN) 28362
Término de materia o nombre geográfico como elemento inicial negociación colectiva
650 #4 - ASIENTO SECUNDARIO DE MATERIA--TÉRMINO DE MATERIA
9 (RLIN) 28327
Término de materia o nombre geográfico como elemento inicial condiciones de trabajo
650 #4 - ASIENTO SECUNDARIO DE MATERIA--TÉRMINO DE MATERIA
9 (RLIN) 28344
Término de materia o nombre geográfico como elemento inicial tensión psicológica
650 #4 - ASIENTO SECUNDARIO DE MATERIA--TÉRMINO DE MATERIA
9 (RLIN) 31076
Término de materia o nombre geográfico como elemento inicial estrés
650 #4 - ASIENTO SECUNDARIO DE MATERIA--TÉRMINO DE MATERIA
9 (RLIN) 30708
Término de materia o nombre geográfico como elemento inicial acoso laboral
650 #4 - ASIENTO SECUNDARIO DE MATERIA--TÉRMINO DE MATERIA
9 (RLIN) 29563
Término de materia o nombre geográfico como elemento inicial trabajo clandestino
650 #4 - ASIENTO SECUNDARIO DE MATERIA--TÉRMINO DE MATERIA
9 (RLIN) 27303
Término de materia o nombre geográfico como elemento inicial conciliación
650 #4 - ASIENTO SECUNDARIO DE MATERIA--TÉRMINO DE MATERIA
9 (RLIN) 27318
Término de materia o nombre geográfico como elemento inicial familia
650 #4 - ASIENTO SECUNDARIO DE MATERIA--TÉRMINO DE MATERIA
9 (RLIN) 30732
Término de materia o nombre geográfico como elemento inicial evaluación del impacto
650 ## - ASIENTO SECUNDARIO DE MATERIA--TÉRMINO DE MATERIA
9 (RLIN) 26964
Término de materia o nombre geográfico como elemento inicial España
650 ## - ASIENTO SECUNDARIO DE MATERIA--TÉRMINO DE MATERIA
9 (RLIN) 29894
Término de materia o nombre geográfico como elemento inicial régimen jurídico
653 ## - TÉRMINO DE INDEXACIÓN--NO CONTROLADO
Término no controlado Salud
700 1# - ENCABEZAMIENTO SECUNDARIO--NOMBRE PERSONAL
9 (RLIN) 21721
Nombre de persona Ramos Quintana, Margarita Isabel
Término indicativo de función dir.
700 1# - ENCABEZAMIENTO SECUNDARIO--NOMBRE PERSONAL
Nombre de persona Grau Pineda, Carmen
Término indicativo de función col.
9 (RLIN) 14062
700 1# - ENCABEZAMIENTO SECUNDARIO--NOMBRE PERSONAL
9 (RLIN) 19879
Nombre de persona Ojeda Avilés, Antonio
830 #0 - ENCABEZAMIENTO SECUNDARIO DE COLECCIÓN--TÍTULO UNIFORME
Título uniforme Colección Estudios (Editorial Bomarzo)
9 (RLIN) 39568
902 ## - CES. TIPO DE DOCUMENTO
Tipodoc (006$c Sirtex) LIB Libro
942 ## - ELEMENTOS KOHA
Koha [por defecto] tipo de item Monografías
Fuente de clasificaión o esquema Clasificación propia del CES
Parte de clasificación Salud
Existencias
Número de registro Signatura completa Tipo de item de Koha
084260 SG-3.1.-6 Monografías
© CES, Consejo Económico y Social de España 2021